Χωρικές επιδράσεις της κρίσης και περιφερειακή ανθεκτικότητα : μεταπτυχιακή διατριβή

Αποθηκεύτηκε σε:
Λεπτομέρειες βιβλιογραφικής εγγραφής
Κύριος συγγραφέας: Καρούλια, Στέλλα
Συγγραφή απο Οργανισμό/Αρχή: Πανεπιστήμιο Αιγαίου Σχολή Επιστημών της Διοίκησης Τμήμα Διοίκησης Επιχειρήσεων Πρόγραμμα Μεταπτυχιακών Σπουδών στη Διοίκηση Επιχειρήσεων - M.B.A
Άλλοι συγγραφείς: Γάκη, Ελένη Λ. (Εισηγητής διατριβής)
Μορφή: Thesis Βιβλίο
Γλώσσα:Greek
Δημοσίευση: 2013
Θέματα:
Διαθέσιμο Online:http://hdl.handle.net/11610/13624
Ετικέτες: Προσθήκη ετικέτας
Δεν υπάρχουν, Καταχωρήστε ετικέτα πρώτοι!

MARC

LEADER 00000cam a2200000 i 4500
001 1/49297
008 140612s2013 gre d
035 |l 10117971 
040 |a GR-MY-UA  |b gre  |e aacr 
041 0 |a gre 
082 0 |a 338.9495  |2 (23) 
100 1 |a Καρούλια, Στέλλα. 
245 1 0 |a Χωρικές επιδράσεις της κρίσης και περιφερειακή ανθεκτικότητα :  |b μεταπτυχιακή διατριβή /  |c Στέλλα Καρούλια ; επιβλέπουσα: Ελένη Γάκη 
260 |c 2013 
300 |a 1 τ.;  |b πίν., διαγρ.;  |c 30 εκ. 
502 # # |a Διατριβή (μεταπτυχιακή) – Πανεπιστήμιο Αιγαίου, Χίος, 2013. 
504 |a Περιλαμβάνει βιβλιογραφικές αναφορές 
650 0 0 |a Regional planning  |z Greece. 
650 0 0 |a Spatial analysis (Statistics)  |z Greece. 
650 0 0 |a Financial crises  |z Greece. 
650 0 0 |a Regional economic disparities  |z Greece. 
650 0 0 |a Dissertations, Academic  |z Greece. 
700 1 |4 ths  |a Γάκη, Ελένη Λ. 
710 1 |a Πανεπιστήμιο Αιγαίου  |b Σχολή Επιστημών της Διοίκησης  |b Τμήμα Διοίκησης Επιχειρήσεων  |b Πρόγραμμα Μεταπτυχιακών Σπουδών στη Διοίκηση Επιχειρήσεων - M.B.A. 
852 |a INST  |b CHIOS  |c DIATR  |e 20140612  |h 338.9495 ΚΑΡ  |p 005200034762  |q 005200034762  |t MTXE  |y 23 
852 |a INST  |b CHIOS  |c DIATR  |e 20140612  |h 338.9495 ΚΑΡ  |p 005200034763  |q 005200034763  |t MTXE  |y 23 
856 |u http://hdl.handle.net/11610/13624 
901 |a BIBL2-2014-2 
909 |a Χ  |b 179825 
909 |a Χ  |b 179826 
924 |a ΚΑΡΟΥΛΙΑ  |b ΣΤΕΛΛΑ  |y ΧΙΟΣ  |z 2013-09 
970 |a ΣΑΛΑΜΟΥΡΑ  |b ΜΑΡΙΑ  |z 2014/06/12